000 01022nam a2200265 a 4500
001 BRCA_4704
005 20190320204754.0
008 870528s1987 u--a#####c---#001-0#eng-#
020 _a093153707X
041 _aeng
044 _au
050 4 _aND237
_b.Q53 1987
100 1 _aQuick, Michael
_911929
245 1 0 _aAn American Painter Abroad
_bFrank Duveneck´s European Years
_cby Michael Quick.
260 _aEstados Unidos de América
_bCincinnati Art Museum
_c1987
300 _a108 p.
_bil. (algunas a color)
_c26 cm.
500 _aIncluye índice de obra, índice de prestamistas de piezas para la exposición, lista de verificación y créditos fotográficos
504 _aBibliografía: p. 101-102
600 1 4 _aDuveneck, Frank
_d1848-1919
_vExposiciones
_911930
650 1 4 _aDuveneck, Frank
_vCatálogos
_xViajes
_911931
651 4 _aEstados Unidos
_vExposiciones
_xCrítica e interpretación
_911932
710 2 _aCincinnati Art Museum
_911933
710 2 _aArt Academy of Cincinnati
_911934
942 _2lcc
_cB
999 _c4404
_d4404